| 000 | 00870nam a22002537a 4500 | ||
|---|---|---|---|
| 005 | 20140330094919.0 | ||
| 008 | 140330t2012 xxua frd 001 0 eng d | ||
| 020 | _a9781430243380 | ||
| 082 | 0 | 4 |
_222 _a005.276 _bKIE |
| 100 | 1 |
_935812 _aKiessig, Richard |
|
| 245 | 1 | 0 |
_aUltra-fast ASP.NET 4.5 : _bbuilding ultra-fast and ultra-scalable web sites using ASP.NET and SQL Server 2012 / _cRichard Kiessig. |
| 250 | _a2nd ed. | ||
| 260 |
_aNew York, United States : _bApress : _cc.2012. |
||
| 300 |
_axxi, 437 p. : _bill. ; _c24 cm. |
||
| 490 | 1 | _aThe expert’s voice in ASP.NET | |
| 500 | _aGlossary : p. 421-424. | ||
| 500 | _aIndex : p. 425-437. | ||
| 630 | 0 | 0 |
_93379 _aActive server pages |
| 650 | 0 |
_93381 _aMicrosoft .NET |
|
| 653 |
_bCOMSCI _cMarch2014 |
||
| 655 |
_vreading book _934232 |
||
| 830 | 4 | _aThe expert’s voice in ASP.NET | |
| 942 |
_2ddc _k005.276 KIE |
||
| 999 |
_c18185 _d18157 |
||